Podwójne trójstyki - Statystyki

Ogólne statystyki
  • Ten quiz został rozwiązany 5 razy
    3 od ostatniego zresetowania
  • Średni wynik to 5 z 7
Statystyki odpowiedzi
odpowiedz % Poprawnych
Hiszpania-Andora-Francja
100%
Indie Bhutan Chiny
100%
Indie Nepal Chiny
100%
Rosja-Chiny-Mongolia
100%
Mołdawia Ukraina Rumunia
50%
Szwajcaria-Liechtenstein-Austria
50%
Azerbejdżan-Armenia-Iran
0%
Nie znaleziono quizów pasujących do podanych kryteriów
Rozkład punktacji
Procent ludzi z każdym wynikiem
Percentyl według liczby udzielonych odpowiedzi
Twoja historia wyników
Nie rozwiązałeś tego quizu od ostatniego zresetowania